| 000 | 01319nam a2200421 i 4500 | ||
|---|---|---|---|
| 001 | 53924 | ||
| 003 | ES-MaCES | ||
| 005 | 20251115040006.0 | ||
| 008 | 251027s2025 sp 000 | spa d | ||
| 017 |
_aM 7889-2025 _bDL |
||
| 020 | _a9788412980080 | ||
| 040 |
_aES-MaCES _bspa _cES-MaCES |
||
| 041 | 1 |
_aspa _heng |
|
| 100 | 1 |
_941532 _aXun, Jianwei |
|
| 245 | 0 | 1 |
_aHipnocracia _b: Trump, Musk y la nueva arquitectura de la realidad _cJianwei Xun ; [tr. de Francisco Martínez] |
| 250 | _a1ª ed | ||
| 260 |
_a[Barcelona] _bEditorial Rosamerón _c2025 |
||
| 300 |
_a170 p. _c21 cm |
||
| 500 | _aTraducción de: Hynocracy | ||
| 504 | _aBibliografía: p. 103-107 | ||
| 541 | _cGratuito | ||
| 650 | 4 |
_agrupo de intereses _927235 |
|
| 650 | 4 |
_aeconomía colaborativa _937923 |
|
| 650 | 4 |
_aindustria de la información _930437 |
|
| 650 | 4 |
_apropaganda _927937 |
|
| 650 | 4 |
_acontrol social _927287 |
|
| 650 | 4 |
_asistema de valores _929392 |
|
| 650 | 4 |
_aopinión pública _927247 |
|
| 650 | 4 |
_atoma de decisiones _928194 |
|
| 650 | 4 |
_apolítica _927246 |
|
| 650 | 4 |
_apoder político _927200 |
|
| 650 | 4 |
_ateoría política _927233 |
|
| 653 | 1 | 0 | _aCiencias Sociales-Políticas |
| 700 | 1 |
_941549 _aMartínez, Francisco _etr. |
|
| 740 | 0 | 2 | _aHynocracy |
| 902 | _aLIB Libro | ||
| 942 |
_2CES _cBK _h7.0. |
||
| 999 |
_c53924 _d53924 |
||